Statystyki dla Państwa, które są wyspami na Atlantyku

Kliknij tutaj aby rozwiązać quiz!

Ogólne statystyki

  • Ten quiz został rozwiązany 5 248 razy
  • Średni wynik to 15 z 20

Statystyki odpowiedzi

km2Państwo% Poprawnych
109,884Kuba
89%
751Dominika
88%
48,671Dominikana
85%
27,750Haiti
85%
10,991Jamajka
83%
242,900Wielka Brytania
83%
103,000Islandia
81%
70,273Irlandia
80%
13,943Bahamy
79%
616Saint Lucia
75%
5,130Trynidad i Tobago
75%
4,033Republika
Zielonego Przylądka
74%
430Barbados
73%
261Saint Kitts i Nevis
72%
389Saint Vincent i
Grenadyny
72%
442Antigua i Barbuda
69%
344Grenada
69%
965Wyspy Świętego
Tomasza i Książeca
68%
316Malta
48%
9,251Cypr
46%

Rozkład punktacji

Percentyl według liczby udzielonych odpowiedzi

Procent ludzi z każdym wynikiem

Twoja historia wyników

Nie rozwiązałeś tego quizu